000 01315cam a22003254a 4500
999 _c41436
_d41436
001 13998581
003 OSt
005 20220106145756.0
008 050610s2006 flua b 001 0 eng
010 _a 2005049657
020 _a0849333385
035 _a(OCoLC)ocm60705716
040 _aDLC
_cDLC
_dBAKER
_dC#P
_dDLC
042 _apcc
050 0 0 _aUF860
_b.C75 2006
082 0 0 _a623.452
_222
_bCRI/E
100 1 _aCrippin, James B.
_99004
245 1 0 _aExplosives and chemical weapons identification /
_cJames B. Crippin.
260 _aBoca Raton, FL :
_bCRC/Taylor & Francis,
_c2006.
300 _ax, 277 p. :
_bill. ;
_c24 cm.
440 0 _aForensic science techniques series
504 _aIncludes bibliographical references (p. 263) and index.
650 0 _aExplosives
_xIdentification.
650 0 _aChemical weapons
_xIdentification.
650 0 _aChemistry
_vNomenclature.
856 4 2 _3Publisher description
_uhttp://www.loc.gov/catdir/enhancements/fy0648/2005049657-d.html
906 _a7
_bcbc
_corignew
_d1
_eocip
_f20
_gy-gencatlg
942 _2ddc
_cBK
_h623.452
_iCRI/E
_k623.452
_mCRI/E